000 00548nam a2200181Ia 4500
005 20250508150605.0
008 008 250505s9999 xx 000 0 eng d
037 _aTextual
040 _aFEDL
_beng
_cFEDL
041 _aeng
_2eng
084 _a371.76, STR
_qFEDL
100 _aStrain Frances Bruce
_9757123
245 0 _aNormal sex interests of children from infancy to childhood
260 _aNew York, USA
_bAppleton - Century - Crofts
_c1948
300 _avii,210p
942 _cTEXL
_h371.76, STR
999 _c1324438
_d1324438